000 00602nam a2200253Ia 4500
005 20260121161142.0
008 008 260114s9999 xx 000 0 eng d
020 _a9780429455506
037 _aEBOOK
040 _aCRL
040 _beng
040 _cCRL
041 _2eng
041 _aeng
084 _qCRL
100 _a Pao Chao Hsieh
_91040858
245 4 _aThe Government of China, 1644-1911
260 _bTaylor and Francis
260 _c1925
856 _uhttp://www.taylorfrancis.com/books/9780429455506
942 _cEBOOK
999 _c1607674
_d1607674